Elements of Modern Asymptotic Theory with Statistical Applications
Gespeichert in:
| 1. Verfasser: | |
|---|---|
| Weitere Verfasser: | |
| Format: | Buch |
| Sprache: | Englisch |
| Veröffentlicht: |
Manchester
Manchester University Press
1993
|
| Ausgabe: | 1. ed. |
| Schlagworte: | |
| Tags: |
Keine Tags, Fügen Sie das erste Tag hinzu!
|
MARC
| LEADER | 00000nam a2200000 4500 | ||
|---|---|---|---|
| 001 | c016882 | ||
| 005 | 20221206075452.5 | ||
| 020 | |a 0-7190-3052-8 | ||
| 041 | 0 | |a eng | |
| 044 | |a GB | ||
| 245 | 1 | 0 | |a Elements of Modern Asymptotic Theory with Statistical Applications |c Brendan MacCabe, Andrew Tremayne |
| 250 | |a 1. ed. | ||
| 264 | 1 | |a Manchester |b Manchester University Press |c 1993 | |
| 300 | |a 264 s. | ||
| 610 | 2 | 0 | |a teória modelov ekonomicko-matematických |
| 610 | 2 | 0 | |a štatistika aplikovaná |
| 100 | 1 | |a MacCabe, Brendan | |
| 700 | 1 | |a Tremayne, Andrew | |